<?xml version="1.0" encoding="UTF-8"?>
<record
    xmlns:xsi="http://www.w3.org/2001/XMLSchema-instance"
    xsi:schemaLocation="http://www.loc.gov/MARC21/slim http://www.loc.gov/standards/marcxml/schema/MARC21slim.xsd"
    xmlns="http://www.loc.gov/MARC21/slim">

  <leader>00890nam a2200181Ia 4500</leader>
  <controlfield tag="008">151202s9999||||xx |||||||||||||| ||und||</controlfield>
  <datafield tag="082" ind1=" " ind2=" ">
    <subfield code="b">PNVM-82374</subfield>
  </datafield>
  <datafield tag="100" ind1=" " ind2=" ">
    <subfield code="a">&#x938;&#x947;&#x935;&#x947;&#x915;&#x930; &#x938;&#x941;&#x927;&#x940;&#x930;.</subfield>
  </datafield>
  <datafield tag="245" ind1=" " ind2=" ">
    <subfield code="a">&#x907;&#x902;&#x921;&#x93F;&#x92F;&#x928; &#x915;&#x949;&#x930;&#x94D;&#x92A;&#x94B;&#x930;&#x947;&#x91F; &#x906;&#x907;&#x921;&#x949;&#x932;&#x94D;&#x938;-14 &#x909;&#x926;&#x94D;&#x92F;&#x94B;&#x91C;&#x915;&#x93E;&#x902;&#x91A;&#x94D;&#x92F;&#x93E; &#x92F;&#x936;&#x94B;&#x917;&#x93E;&#x925;&#x93E;.</subfield>
  </datafield>
  <datafield tag="260" ind1=" " ind2=" ">
    <subfield code="b">&#x938;&#x93E;&#x915;&#x947;&#x924; &#x92A;&#x94D;&#x930;&#x915;&#x93E;&#x936;&#x928; &#x914;&#x930;&#x902;&#x917;&#x93E;&#x92C;&#x93E;&#x926;.</subfield>
  </datafield>
  <datafield tag="260" ind1=" " ind2=" ">
    <subfield code="c">2013</subfield>
  </datafield>
  <datafield tag="300" ind1=" " ind2=" ">
    <subfield code="a">176</subfield>
  </datafield>
  <datafield tag="600" ind1=" " ind2=" ">
    <subfield code="a">&#x938;&#x947;&#x935;&#x947;&#x915;&#x930; &#x938;&#x941;&#x927;&#x940;&#x930;.</subfield>
  </datafield>
  <datafield tag="630" ind1=" " ind2=" ">
    <subfield code="a">&#x907;&#x902;&#x921;&#x93F;&#x92F;&#x928; &#x915;&#x949;&#x930;&#x94D;&#x92A;&#x94B;&#x930;&#x947;&#x91F; &#x906;&#x907;&#x921;&#x949;&#x932;&#x94D;&#x938;-14 &#x909;&#x926;&#x94D;&#x92F;&#x94B;&#x91C;&#x915;&#x93E;&#x902;&#x91A;&#x94D;&#x92F;&#x93E; &#x92F;&#x936;&#x94B;&#x917;&#x93E;&#x925;&#x93E;.</subfield>
  </datafield>
  <datafield tag="700" ind1=" " ind2=" ">
    <subfield code="a">&#x938;&#x947;&#x935;&#x947;&#x915;&#x930; &#x938;&#x941;&#x927;&#x940;&#x930;.</subfield>
  </datafield>
  <datafield tag="730" ind1=" " ind2=" ">
    <subfield code="a">&#x907;&#x902;&#x921;&#x93F;&#x92F;&#x928; &#x915;&#x949;&#x930;&#x94D;&#x92A;&#x94B;&#x930;&#x947;&#x91F; &#x906;&#x907;&#x921;&#x949;&#x932;&#x94D;&#x938;-14 &#x909;&#x926;&#x94D;&#x92F;&#x94B;&#x91C;&#x915;&#x93E;&#x902;&#x91A;&#x94D;&#x92F;&#x93E; &#x92F;&#x936;&#x94B;&#x917;&#x93E;&#x925;&#x93E;.</subfield>
  </datafield>
  <datafield tag="942" ind1=" " ind2=" ">
    <subfield code="c">BOOK</subfield>
  </datafield>
  <datafield tag="999" ind1=" " ind2=" ">
    <subfield code="c">1346982</subfield>
    <subfield code="d">1346979</subfield>
  </datafield>
  <datafield tag="952" ind1=" " ind2=" ">
    <subfield code="0">0</subfield>
    <subfield code="1">0</subfield>
    <subfield code="4">0</subfield>
    <subfield code="7">0</subfield>
    <subfield code="a">PNVM</subfield>
    <subfield code="b">PNVM</subfield>
    <subfield code="d">2015-06-21</subfield>
    <subfield code="g">0.00</subfield>
    <subfield code="l">0</subfield>
    <subfield code="o">PNVM-82374</subfield>
    <subfield code="p">PNVM-82374</subfield>
    <subfield code="r">2015-12-02 00:00:00</subfield>
    <subfield code="v">0.00</subfield>
    <subfield code="w">2015-12-02</subfield>
    <subfield code="y">BOOK</subfield>
  </datafield>
</record>
